MARC details
| 000 -CABECERA |
| campo de control de longitud fija |
02475nam a2200361 a 4500 |
| 001 - NÚMERO DE CONTROL |
| campo de control |
000015081 |
| 003 - IDENTIFICADOR DEL NÚMERO DE CONTROL |
| campo de control |
DO-SdBNP |
| 005 - FECHA Y HORA DE LA ÚLTIMA TRANSACCIÓN |
| campo de control |
20211203125956.0 |
| 008 - DATOS DE LONGITUD FIJA--INFORMACIÓN GENERAL |
| campo de control de longitud fija |
100201d2002 dr acd 001 0 spa d |
| 040 ## - FUENTE DE LA CATALOGACIÓN |
| Centro catalogador/agencia de origen |
DO-SdBNP |
| Lengua de catalogación |
spa |
| Centro/agencia transcriptor |
BNPHU |
| 041 17 - CÓDIGO DE LENGUA |
| Código de lengua del texto/banda sonora o título independiente |
spa |
| Código de lengua original |
eng |
| 049 ## - FONDOS LOCALES (OCLC) |
| Fondos de biblioteca |
BNPD |
| 082 #4 - NÚMERO DE LA CLASIFICACIÓN DECIMAL DEWEY |
| Número de clasificación |
929.2 |
| Número de documento/Ítem |
J54t |
| Número de edición |
22 |
| 100 1# - ENTRADA PRINCIPAL--NOMBRE DE PERSONA |
| Nombre de persona |
Jennings, Odile Nouel, |
| Fechas asociadas al nombre |
1932- |
| 9 (RLIN) |
34147 |
| 240 14 - TÍTULO UNIFORME |
| Título uniforme |
The Jennings and Argo story |
| 245 10 - MENCIÓN DE TÍTULO |
| Título |
Tu origen americano : |
| Resto del título |
peripecias de una investigación genealógica, historia de los Jennings y los Argo / |
| Mención de responsabilidad, etc. |
Odile Nouel Jennings ; traducción del inglés por Luis José Prieto Nouel ; prólogo Julio Genaro Campillo Pérez. |
| 250 ## - MENCIÓN DE EDICIÓN |
| Mención de edición |
[1ª ed. dominicana]. |
| 260 ## - PUBLICACIÓN, DISTRIBUCIÓN, ETC. |
| Lugar de publicación, distribución, etc. |
Santo Domingo : |
| Nombre del editor, distribuidor, etc. |
Instituto Dominicano de Genealogía, |
| Fecha de publicación, distribución, etc. |
2002. |
| 300 ## - DESCRIPCIÓN FÍSICA |
| Extensión |
210 p. : |
| Otras características físicas |
il., retrs., gráfcs. ; |
| Dimensiones |
22 cm. |
| 490 1# - MENCIÓN DE SERIE |
| Mención de serie |
Traducciones |
| Designación de volumen o secuencia |
2 |
| 500 ## - NOTA GENERAL |
| Nota general |
Incluye datos biográficos del traductor en la contracubierta. |
| 505 0# - NOTA DE CONTENIDO CON FORMATO |
| Información miscelánea |
Prólogo / |
| Mención de responsabilidad |
Julio Genaro Campillo Pérez -- |
| Título |
Breve historia de Tennesse -- |
| -- |
Los primeros diez años de Jim --Trezevant 1928-1938 -- |
| -- |
Los años en Camben y Jackson - La Marina -- |
| -- |
La Escuela de Vanderbilt -- |
| -- |
Las dos hermanas de Jim -- |
| -- |
Richard Carl Jennings. El padre de Jim -- |
| -- |
Los abuelos de Jim, William Robert y Bettie Jennings -- |
| -- |
William Jennings y Martha Nearn, abuelos de Jim -- |
| -- |
Hermanos de William Robert Jennings -- |
| -- |
Dickerson Jennings de Tennessee, 1797-1867 -- |
| -- |
Dickerson Jennings de Virginia, y Dickerson de Tennessee, continuación -- |
| -- |
William Jennings, hijo, de los estados de Virginia y Georgia. William Jennings, Sr de los Condados de Amelia y Nottoway, Virginia -- |
| -- |
Humphrey Jennengs de Birmingham -- |
| -- |
Origen del nombre - Otros ancestros Jennings -- |
| -- |
Los Argos: Lilliam, la madre de Jim -- |
| -- |
Los padres de Lilliam: William Joseph y Frances Elizabeth Argo -- |
| -- |
Los padres de William Joseph, Cullen y Jane Argo -- |
| -- |
Los dos hermanos de Carolina del norte: Thomas y John Argo -- |
| -- |
Nuestros ancestros Argos y origen del nombre -- |
| Información miscelánea |
Epílogo. |
| 600 34 - PUNTO DE ACCESO ADICIONAL DE MATERIA--NOMBRE DE PERSONA |
| Nombre de persona |
Jennings (Familia) |
| Subdivisión general |
Genealogía |
| 9 (RLIN) |
34148 |
| 600 34 - PUNTO DE ACCESO ADICIONAL DE MATERIA--NOMBRE DE PERSONA |
| Nombre de persona |
Argo (Familia) |
| Subdivisión general |
Genealogía |
| 9 (RLIN) |
34149 |
| 650 #4 - PUNTO DE ACCESO ADICIONAL DE MATERIA--TÉRMINO DE MATERIA |
| Término de materia o nombre geográfico como elemento de entrada |
Parentesco |
| 9 (RLIN) |
2156 |
| 651 #4 - PUNTO DE ACCESO ADICIONAL DE MATERIA--NOMBRE GEOGRÁFICO |
| Nombre geográfico |
República Dominicana |
| Subdivisión general |
Genealogía |
| 9 (RLIN) |
2157 |
| 651 #4 - PUNTO DE ACCESO ADICIONAL DE MATERIA--NOMBRE GEOGRÁFICO |
| Nombre geográfico |
Estados Unidos |
| Subdivisión general |
Genealogía |
| 9 (RLIN) |
34150 |
| 700 1# - PUNTO DE ACCESO ADICIONAL--NOMBRE DE PERSONA |
| Nombre de persona |
Prieto Nouel, Luis José, |
| Fechas asociadas al nombre |
1949-, |
| Término indicativo de función/relación |
tr. |
| 9 (RLIN) |
34151 |
| 700 1# - PUNTO DE ACCESO ADICIONAL--NOMBRE DE PERSONA |
| Nombre de persona |
Campillo Pérez, Julio Genaro, |
| Término indicativo de función/relación |
pról. |
| 9 (RLIN) |
13954 |
| 830 #0 - PUNTO DE ACCESO ADICIONAL DE SERIE-TÍTULO UNIFORME |
| Título uniforme |
Traducciones |
| Designación de volumen o secuencia |
2 |
| 9 (RLIN) |
34152 |
| 910 ## - DATOS DE OPCIÓN DEL USUARIO (OCLC) |
| Datos de opción del usuario |
Validado. Control de calidad EMS. |
| 942 ## - ELEMENTOS DE PUNTO DE ACCESO ADICIONAL (KOHA) |
| Fuente del sistema de clasificación o colocación |
Dewey Decimal Classification |
| Tipo de ítem Koha |
Libro |